00342nam a2200109Ia 450000500170000000800410001710000180005824500930007626000190016930000110018865000330019920260328101516.0260328s9999||||xx |||||||||||||| ||und|| aDrew, Jane B. 0aVillage housing in the tropics :b With special reference to West Africa /cJane B. Drew bLund Humphries a134 p. aVIVIENDA DE INTERÉS SOCIAL